| 000 | 00674cam a2200229 a 4500 | ||
|---|---|---|---|
| 001 | 000007660 | ||
| 005 | 20200929154242.0 | ||
| 008 | 770114s1994 sp 000 e spa d | ||
| 020 | _a8420646202 | ||
| 040 |
_aDO-SdBNP _bspa _cBNPHU |
||
| 082 |
_a864.6 _bC292s |
||
| 100 | 1 |
_aCaro Baroja, Julio, _d1914-1995 _921239 |
|
| 245 | 1 | 3 |
_aEl señor inquisidor / _cJulio Caro Baroja. |
| 260 |
_aMadrid : _bAlianza, _c1994. |
||
| 300 |
_a94 p. ; _c15 cm. |
||
| 490 | 1 |
_aAlianza cien _v20 |
|
| 500 | _aLibro de bolsillo | ||
| 650 | 4 |
_aEnsayos españoles _93095 |
|
| 650 | 4 |
_aLiteratura española _9632 |
|
| 650 | 4 |
_aInquisición _zEspaña _921240 |
|
| 830 | 0 |
_aAlianza cien ; _v20 _912832 |
|
| 999 |
_c7440 _d7440 |
||